Bad pharma: how drug companies mislead doctors and harm patients (Record no. 63697)

MARC details
000 -LEADER
fixed length control field 00921nam a2200193 a 4500
008 - FIXED-LENGTH DATA ELEMENTS--GENERAL INFORMATION
fixed length control field 150605s2012 ||||||||||||||||| || u
020 ## - INTERNATIONAL STANDARD BOOK NUMBER
International Standard Book Number 9780007350742
050 ## - LIBRARY OF CONGRESS CALL NUMBER
Classification number RM 301.27 Gol
100 ## - MAIN ENTRY--PERSONAL NAME
Personal name Goldacre, Ben
245 10 - TITLE STATEMENT
Title Bad pharma: how drug companies mislead doctors and harm patients
Statement of responsibility, etc. by Ben Goldacre
260 ## - PUBLICATION, DISTRIBUTION, ETC.
Place of publication, distribution, etc. Great Britain:
Name of publisher, distributor, etc. Fourth Estate
Date of publication, distribution, etc. 2012
300 ## - PHYSICAL DESCRIPTION
Extent xvii, 430p.
350 ## -
-- 27.67
650 ## - SUBJECT ADDED ENTRY--TOPICAL TERM
Topical term or geographic name entry element DRUGS--TESTING
650 ## - SUBJECT ADDED ENTRY--TOPICAL TERM
Topical term or geographic name entry element DRUGS--TESTING--MORAL AND ETHICAL ASPECTS
650 ## - SUBJECT ADDED ENTRY--TOPICAL TERM
Topical term or geographic name entry element CLINICAL TRIALS--TESTING--MORAL AND ETHICAL ASPECTS
995 ## -
-- MICHAEL CHILUFYA SATA OPEN ACCESS
-- 903123
-- CBU-SCHOOL OF MEDICINE LIBRARY (Ndola)
-- 27.67
-- RM 301.27 Gol
-- 2
-- AVAILABLE
-- Aug 20, 2015
-- 903123
-- Medical Library Open Access Collection
995 ## -
-- MAIN LIBRARY OPEN ACCESS
-- 745580
-- CBU-MAIN LIBRARY (Kitwe)
-- 27.67
-- RM 301.27 Gol
-- 1
-- AVAILABLE
-- Aug 20, 2015
-- 745580
-- Main Library Open Access Collection
999 ## -
-- 63697
-- 63697
Holdings
Withdrawn status Lost status Source of classification or shelving scheme Damaged status Not for loan Permanent Location Current Location Shelving location Date acquired Total Checkouts Full call number Barcode Date last seen Date last checked out Copy number Price effective from Koha item type
          CBU-MAIN LIBRARY, KITWE. CBU-MAIN LIBRARY, KITWE.   01/25/2023   RM 301.27 Gol 745580 01/25/2023   2 01/25/2023 MONOGRAPH
          CBU-MICHAEL CHILUFYA SATA LIBRARY CBU-SCHOOL OF MEDICINE LIBRARY, NDOLA.   01/25/2023 1 RM 301.27 Gol 903123 04/14/2026 03/26/2026 1 01/25/2023 MONOGRAPH